2023-2024 NBA Per Game Stat Leaders - Statistics

General Stats
  • This quiz has been taken 139 times
  • The average score is 32 of 50
Answer Stats
Answer % Correct
Luka Dončić
94%
Luka Dončić
94%
Luka Dončić
94%
Nikola Jokić
93%
Nikola Jokić
93%
Nikola jokić
93%
Shai Gilgeous-Alexander
92%
Shai Gilgeous-Alexander
92%
LeBron James
89%
Victor Wembanyama
84%
Victor Wembanyama
84%
Domantas Sabonis
81%
Domantas Sabonis
81%
Giannis Antetokounmpo
80%
Stephen Curry
80%
Jayson Tatum
79%
Jalen Duren
77%
Anthony Davis
76%
Anthony Davis
76%
James Harden
75%
Kevin Durant
73%
Devin Booker
72%
Jalen Brunson
71%
Rudy Gobert
71%
Rudy Gobert
71%
De'Aaron Fox
70%
De'Aaron Fox
70%
Tyrese Haliburton
70%
Damian Lillard
62%
Kawhi Leonard
62%
Paul George
59%
Dejounte Murray
53%
Jaren Jackson Jr.
53%
Chet Holmgren
51%
Nikola Vučević
49%
Brook Lopez
48%
Walker Kessler
46%
Myles Turner
45%
Cade Cunningham
41%
Dyson Daniels
41%
Clint Capela
38%
Giannis Antetokounmpo
35%
Jusuf Nurkić
31%
Daniel Gafford
30%
Fred VanVleet
29%
Tyus Jones
26%
Alex Caruso
24%
Nic Claxton
24%
Jalen Suggs
16%
Matisse Thybulle
12%
No matching quizzes found
Score Distribution
Percent of People with Each Score
Percentile by Number Answered
Your Score History
You have not taken this quiz